A caring duty (Record no. 71957)

MARC details
000 -LEADER
fixed length control field 01244cam a22002175a 4500
001 - CONTROL NUMBER
control field L121097
008 - FIXED-LENGTH DATA ELEMENTS--GENERAL INFORMATION
fixed length control field 030122s2003 xxk 000 0 eng u
035 ## - SYSTEM CONTROL NUMBER
System control number (Sirsi) u121097
100 ## - MAIN ENTRY--PERSONAL NAME
Personal name Brody, M.
245 02 - TITLE STATEMENT
Title A caring duty
260 ## - PUBLICATION, DISTRIBUTION, ETC.
Date of publication, distribution, etc. 2003
490 ## - SERIES STATEMENT
Series statement Project
Volume/sequential designation 15(7) December 2002/January 2003, 33(1)
520 ## - SUMMARY, ETC.
Summary, etc. A short article which outlines the primary issues dealt with by the new Control of Asbestos at Work Regulations 2002, which aim to effectively manage the risk of asbestos in non-domestic premises. Items examined include the duty holder, the duties, the approved code of practice, other legislation and timing. Points out that the duty to manage element of the regulations will come into force on 21 May 2004. The HSE has set up a dedicated website on this subject at www.hse.gov.uk/asbestos/.
650 ## - SUBJECT ADDED ENTRY--TOPICAL TERM
Topical term or geographic name entry element MANAGEMENT-HEALTH AND SAFETY-HAZARDOUS SUBSTANCES-ASBESTOS
650 ## - SUBJECT ADDED ENTRY--TOPICAL TERM
Topical term or geographic name entry element CONTROL OF ASBESTOS AT WORK REGULATIONS 2002
650 ## - SUBJECT ADDED ENTRY--TOPICAL TERM
Topical term or geographic name entry element ASBESTOS REGULATIONS
690 ## - LOCAL SUBJECT ADDED ENTRY--TOPICAL TERM (OCLC, RLIN)
Topical term or geographic name as entry element BUILT ENVIRONMENT
856 ## - ELECTRONIC LOCATION AND ACCESS
Uniform Resource Identifier <a href="https://www.legislation.gov.uk/uksi/2002/2675/contents/made">https://www.legislation.gov.uk/uksi/2002/2675/contents/made</a>
Public note View the Regulations at www.legislation.gov.uk
856 ## - ELECTRONIC LOCATION AND ACCESS
Uniform Resource Identifier <a href="https://www.hse.gov.uk/asbestos">https://www.hse.gov.uk/asbestos</a>
Public note View the HSE asbestos web pages...
942 ## - ADDED ENTRY ELEMENTS (KOHA)
Suppress in OPAC 0
Holdings
Withdrawn status Lost status Source of classification or shelving scheme Damaged status Not for loan Home library Current library Shelving location Date acquired Total Checkouts Full call number Barcode Date last seen Copy number Price effective from Koha item type
    Dewey Decimal Classification     London London Journal article 22/01/2003   L121097 121097-1001 06/08/2019 1 06/08/2019 Journal article